000 00595nam a2200217Ia 4500
005 20220804153850.0
008 131103s9999 xx 000 0 und d
020 _a415011086
040 _aLoreto College
041 _aEnglish
082 _a551.6
_bKEM
100 _aKemp, David D.
245 _aGlobal environment issues
_cD.David Kemp
260 _aLondon
_bRoutledge
_c1990
300 _axv, 219 p.
_b ill., fig., tables
504 _aIncludes bibliographies and index
650 _aClimatology -
651 _aGeology - Climatology and weather -
850 _aLCLIB
942 _cBK
999 _c1589
_d52068